000 01041nam a22003737a 4500
005 20250821121439.0
008 170424b2010 xxu||||| |||| 00| 0 spa d
020 _a8497060695
041 _aESP
082 _a616.852.2 S819t
100 _aStein, Dan J.
_942307
100 _aHollander, Eric
245 _aTratado de los trastornos de ansiedad
260 _aEspaña
260 _bArs Médica
260 _c2010
300 _a609 páginas
490 _aTemática General
650 _aTRASTORNOS DE ANSIEDAD
650 _aMODELOS PRECLÍNICOS
650 _aCIRCUITOS NEURALES
650 _aTRASTORNOS DE ANSIEDAD GENERALIZADA
650 _aTRASTORNO ANSIOSO
650 _aTRASTORNO DEPRESIVO
650 _aTRASTORNO OBSESIVO
650 _aTRASTORNO COMPULSIVO
650 _aTRASTORNO DE ANGUSTIA
650 _aTRASTORNO AGORAFOBIA
650 _aFOBIA SOCIAL
650 _aFOBIA ESPECÍFICA
650 _aTRASTORNO DE ESTRÉS POSTRAUMÁTICO
650 _aTRASTORNO DE ESTRÉS AGUDO
942 _cBK
_2ddc
999 _c9314
_d9314